Urbanization in India: challenges and opportunities (Record no. 2709)

MARC details
000 -LEADER
fixed length control field 00559nam a2200193Ia 4500
020 ## - INTERNATIONAL STANDARD BOOK NUMBER
ISBN 81-86030-66-2
082 ## - DEWEY DECIMAL CLASSIFICATION NUMBER
Classification number 307.14160954 MIS-;
100 ## - MAIN ENTRY--AUTHOR NAME
Personal name Misra, R.P.
245 #0 - TITLE STATEMENT
Title Urbanization in India: challenges and opportunities
260 ## - PUBLICATION, DISTRIBUTION, ETC. (IMPRINT)
Place of publication New Delhi
Name of publisher Regency Publications
Year of publication 1998
300 ## - PHYSICAL DESCRIPTION
Number of Pages iv,106p.
440 ## - SERIES STATEMENT/ADDED ENTRY--TITLE
Title NEHU-NERC-ICSSR annual lectures series; 4
650 ## - SUBJECT ADDED ENTRY--TOPICAL TERM
Topical Term Cities and towns - growth - India
650 ## - SUBJECT ADDED ENTRY--TOPICAL TERM
Topical Term Urban problems
650 ## - SUBJECT ADDED ENTRY--TOPICAL TERM
Topical Term Urbanization - India
650 ## - SUBJECT ADDED ENTRY--TOPICAL TERM
Topical Term Urban development
650 ## - SUBJECT ADDED ENTRY--TOPICAL TERM
Topical Term Urban policy - India
942 ## - ADDED ENTRY ELEMENTS (KOHA)
Koha item type Books
Holdings
Withdrawn status Lost status Damaged status Not for loan Home library Current library Date acquired Bill Date Full call number Accession Number Price effective from Koha item type
        NASSDOC Library NASSDOC Library 08/06/2004 2004-10-05 307.14160954 MIS-; 38478 18/04/2019 Books